[Event "Manitoba-ch"]
[Site "Winnipeg"]
[Date "2018.03.13"]
[Round "1.2"]
[White "Swift, Ryne"]
[Black "Valentino, Marcos"]
[Result "1/2-1/2"]
[WhiteElo "2211"]
[BlackElo "2068"]
[PlyCount "85"]
[EventDate "2018.03.06"]
[EventType "swiss"]
[EventRounds "3"]
[EventCountry "CAN"]
[SourceTitle "EXT 2022"]
[Source "ChessBase"]
[SourceDate "2021.10.06"]
[SourceVersion "1"]
[SourceVersionDate "2021.10.06"]
[SourceQuality "1"]

1. Nf3 Nf6 2. g3 d6 3. Bg2 g6 4. b3 Bg7 5. Bb2 0-0 6. 0-0 c5 7. c4 Nc6 8. Nc3 e6 9. d4 Qe7 10. e3 Bd7 11. Qd2 Rad8 12. Rfd1 Bc8 13. d5 Nb8 14. dxe6 fxe6 15. e4 Nc6 16. e5 dxe5 17. Qg5 e4 18. Ne1 Rxd1 19. Rxd1 e3 20. fxe3 Nd5 21. Qxe7 Ndxe7 22. Nd3 Nf5 23. Re1 Rd8 24. Be4 Nb4 25. Bxf5 Nxd3 26. Bxd3 Rxd3 27. Rd1 Rxd1+ 28. Nxd1 Bxb2 29. Nxb2 b6 30. Nd1 Kf7 31. Nc3 Bd7 32. Kf2 Bc6 33. Ke2 Kf6 34. Nd1 g5 35. Kd3 Ke5 36. Nf2 h5 37. h4 gxh4 38. gxh4 Kf5 39. a3 a5 40. a4 Bf3 41. Kc3 Bd1 42. Kb2 Be2 43. Kc3 1/2-1/2

[Event "Winnipeg Rosenbloom Memorial"]
[Site "Winnipeg"]
[Date "2017.11.21"]
[Round "3"]
[White "Wolchock, Theo"]
[Black "Swift, Ryne"]
[Result "0-1"]
[WhiteElo "2034"]
[BlackElo "2092"]
[PlyCount "74"]
[EventDate "2017.11.07"]
[EventType "swiss"]
[EventRounds "7"]
[EventCountry "CAN"]
[SourceTitle "EXT 2022"]
[Source "ChessBase"]
[SourceDate "2021.10.06"]
[SourceVersion "1"]
[SourceVersionDate "2021.10.06"]
[SourceQuality "1"]

1. e4 e5 2. Nc3 Nc6 3. Bc4 Nf6 4. d3 Be7 5. f4 d6 6. Nf3 Bg4 7. Be3 0-0 8. f5 Na5 9. h3 Bxf3 10. Qxf3 Nxc4 11. dxc4 Nd7 12. 0-0-0 Bg5 13. h4 Bxe3+ 14. Qxe3 Nf6 15. c5 Qe7 16. cxd6 cxd6 17. Qf3 b5 18. g4 b4 19. Ne2 Nd7 20. Qd3 Nc5 21. Qd5 Rac8 22. g5 Kh8 23. Ng3 Rfd8 24. f6 gxf6 25. Nf5 Qb7 26. Nxd6 Qxd5 27. Rxd5 Rxd6 28. Rxd6 b3 29. axb3 Nxe4 30. Rd7 fxg5 31. Rxf7 g4 32. Re7 g3 33. Rxe5 Nf2 34. Rd1 Nxd1 35. Kxd1 g2 36. Re1 Rd8+ 37. Kc1 Rf8 0-1

[Event "Winnipeg TNT September op"]
[Site "Winnipeg"]
[Date "2017.09.26"]
[Round "4"]
[White "Swift, Ryne"]
[Black "Wolchock, Theo"]
[Result "1-0"]
[WhiteElo "1976"]
[BlackElo "2056"]
[PlyCount "101"]
[EventDate "2017.09.05"]
[EventType "swiss"]
[EventRounds "4"]
[EventCountry "CAN"]
[SourceTitle "EXT 2022"]
[Source "ChessBase"]
[SourceDate "2021.10.06"]
[SourceVersion "1"]
[SourceVersionDate "2021.10.06"]
[SourceQuality "1"]

1. e4 c5 2. Nf3 g6 3. d4 cxd4 4. Nxd4 Bg7 5. Be3 Nc6 6. Nc3 Nf6 7. Qd2 0-0 8. 0-0-0 Ng4 9. Nb3 Nxe3 10. Qxe3 d6 11. f3 Bd7 12. Kb1 Rc8 13. Ne2 b5 14. Ned4 Qb6 15. Qd2 b4 16. Nxc6 Rxc6 17. Nd4 Rc7 18. b3 Rfc8 19. Bc4 Rxc4 20. bxc4 Rxc4 21. Nb3 Be6 22. Rhe1 Qc7 23. Re2 a5 24. e5 a4 25. Nd4 b3 26. axb3 axb3 27. cxb3 Rc3 28. Kb2 Rc5 29. Nxe6 fxe6 30. f4 dxe5 31. Qd8+ Kf7 32. Qxc7 exf4+ 33. Ka3 Rxc7 34. b4 e5 35. b5 Rb7 36. Kb4 e6 37. Kc5 e4 38. Rxe4 Bc3 39. Rxf4+ Kg7 40. Kc6 Rb8 41. b6 Be5 42. Rd7+ Kh6 43. Rh4+ Kg5 44. Rhxh7 Rc8+ 45. Rc7 Bxc7 46. b7 Rf8 47. Kxc7 Rf2 48. b8Q Rc2+ 49. Kd8 e5 50. Qxe5+ Kg4 51. h3# 1-0

[Event "Winnipeg op"]
[Site "Winnipeg"]
[Date "2017.07.11"]
[Round "6"]
[White "Hemphill, Jim"]
[Black "Swift, Ryne"]
[Result "0-1"]
[WhiteElo "1762"]
[BlackElo "1927"]
[PlyCount "64"]
[EventDate "2017.06.06"]
[EventType "swiss"]
[EventRounds "8"]
[EventCountry "CAN"]
[SourceTitle "EXT 2022"]
[Source "ChessBase"]
[SourceDate "2021.10.06"]
[SourceVersion "1"]
[SourceVersionDate "2021.10.06"]
[SourceQuality "1"]

1. d4 d5 2. Bf4 e6 3. Nf3 Nf6 4. e3 Bd6 5. Bg3 0-0 6. Bd3 b6 7. Nbd2 Bb7 8. c3 c5 9. Ne5 c4 10. Bc2 b5 11. a3 Nc6 12. f4 Ne7 13. Qf3 Nd7 14. Bf2 f5 15. Nxd7 Qxd7 16. h4 a5 17. h5 b4 18. Bh4 Bc6 19. Rg1 bxc3 20. bxc3 Rab8 21. g4 Rf7 22. Qg2 Rb2 23. Bb1 Ba4 24. Qg3 Qb7 25. Bxe7 Rxe7 26. gxf5 Rxd2 27. f6 Rd1+ 28. Kf2 Qb2+ 29. Kf3 Rxg1 30. Qxg1 Rf7 31. Bxh7+ Kxh7 32. Rb1 Qc2 0-1

[Event "Winnipeg op"]
[Site "Winnipeg"]
[Date "2017.07.04"]
[Round "5"]
[White "Swift, Ryne"]
[Black "Bince, Rolando"]
[Result "0-1"]
[WhiteElo "1927"]
[BlackElo "2051"]
[PlyCount "84"]
[EventDate "2017.06.06"]
[EventType "swiss"]
[EventRounds "8"]
[EventCountry "CAN"]
[SourceTitle "EXT 2022"]
[Source "ChessBase"]
[SourceDate "2021.10.06"]
[SourceVersion "1"]
[SourceVersionDate "2021.10.06"]
[SourceQuality "1"]

1. e4 g6 2. d4 c5 3. c3 b6 4. dxc5 bxc5 5. Qd5 Nc6 6. Qxc5 Nf6 7. Bd3 Bb7 8. Nf3 d6 9. Qe3 Bg7 10. 0-0 0-0 11. Nbd2 Ng4 12. Qe2 Bh6 13. Nc4 Bxc1 14. Raxc1 Qc7 15. h3 Nge5 16. Nfxe5 Nxe5 17. Nxe5 dxe5 18. Bc4 Kg7 19. b3 Rad8 20. Rfd1 e6 21. Rxd8 Rxd8 22. f3 Qd6 23. Qe3 Qa3 24. Rc2 Qd6 25. Be2 Rd7 26. c4 Qb4 27. Kf2 Rd4 28. c5 Bc6 29. a4 Qb8 30. Bb5 Qc8 31. Rc4 Rd7 32. Qc3 f6 33. b4 a6 34. Bxc6 Qxc6 35. Qb3 Rd2+ 36. Kg1 Qd7 37. c6 Qc7 38. Qc3 Rd1+ 39. Kh2 h5 40. b5 axb5 41. axb5 h4 42. Qb4 Qa7 0-1

[Event "Winnipeg op"]
[Site "Winnipeg"]
[Date "2017.06.13"]
[Round "2"]
[White "Boron, Anthony"]
[Black "Swift, Ryne"]
[Result "1-0"]
[WhiteElo "2058"]
[BlackElo "1927"]
[PlyCount "56"]
[EventDate "2017.06.06"]
[EventType "swiss"]
[EventRounds "8"]
[EventCountry "CAN"]
[SourceTitle "EXT 2022"]
[Source "ChessBase"]
[SourceDate "2021.10.06"]
[SourceVersion "1"]
[SourceVersionDate "2021.10.06"]
[SourceQuality "1"]

1. e4 e5 2. Bc4 Nc6 3. Nc3 Nf6 4. Nf3 Bc5 5. d3 h6 6. 0-0 d6 7. h3 0-0 8. Na4 Bb6 9. Nxb6 axb6 10. a3 Qe7 11. Bd2 Be6 12. Bxe6 Qxe6 13. Nh4 Ne7 14. g4 d5 15. f3 Nd7 16. Kh2 g5 17. Nf5 Nxf5 18. gxf5 Qc6 19. Rg1 f6 20. h4 Kf7 21. f4 dxe4 22. Qh5+ Ke7 23. Bb4+ Nc5 24. Qxh6 e3 25. fxe5 fxe5 26. Qg7+ Kd6 27. Rxg5 Kd5 28. Rd1 Na4 1-0

[Event "Winnipeg op"]
[Site "Winnipeg"]
[Date "2017.06.06"]
[Round "1"]
[White "Swift, Ryne"]
[Black "Stark, Jamie"]
[Result "1-0"]
[WhiteElo "1927"]
[BlackElo "1213"]
[PlyCount "89"]
[EventDate "2017.06.06"]
[EventType "swiss"]
[EventRounds "8"]
[EventCountry "CAN"]
[SourceTitle "EXT 2022"]
[Source "ChessBase"]
[SourceDate "2021.10.06"]
[SourceVersion "1"]
[SourceVersionDate "2021.10.06"]
[SourceQuality "1"]

1. e4 e5 2. Nf3 d6 3. c3 Nf6 4. Qc2 g6 5. d4 Nc6 6. Bb5 Bd7 7. 0-0 Bg7 8. Bxc6 Bxc6 9. d5 Bb5 10. c4 Bd7 11. Nbd2 0-0 12. b4 b6 13. Bb2 c6 14. Qd3 cxd5 15. cxd5 a6 16. a4 b5 17. a5 Rc8 18. Rfc1 Qe7 19. Qe3 Bg4 20. Qb6 Bxf3 21. Nxf3 Bh6 22. Rc6 Ra8 23. Bxe5 dxe5 24. Rxf6 Bg7 25. Rc6 Qxb4 26. d6 Qxe4 27. Rd1 Qe2 28. Re1 Qb2 29. h3 b4 30. d7 b3 31. Qb7 Qa2 32. Qxa8 Rxa8 33. Rc8+ Rxc8 34. dxc8Q+ Bf8 35. Qb8 b2 36. Nd2 Kg7 37. Qxe5+ f6 38. Qc7+ Kg8 39. Qc4+ Qxc4 40. Nxc4 Bb4 41. Rb1 Bc3 42. Nxb2 Bxa5 43. Nc4 Bc3 44. Rb6 a5 45. Ra6 1-0

[Event "Winnipeg TNT March op"]
[Site "Winnipeg"]
[Date "2017.03.28"]
[Round "4.4"]
[White "Swift, Ryne"]
[Black "Letain, Cory"]
[Result "1-0"]
[WhiteElo "1898"]
[BlackElo "1721"]
[PlyCount "95"]
[EventDate "2017.03.07"]
[EventType "swiss"]
[EventRounds "4"]
[EventCountry "CAN"]
[SourceTitle "EXT 2022"]
[Source "ChessBase"]
[SourceDate "2021.10.06"]
[SourceVersion "1"]
[SourceVersionDate "2021.10.06"]
[SourceQuality "1"]

1. e4 e5 2. Nf3 Nf6 3. Nc3 Bb4 4. a3 Bxc3 5. dxc3 Nc6 6. Bb5 d6 7. Qd3 Bd7 8. c4 h6 9. 0-0 Qe7 10. b4 0-0 11. Bb2 a6 12. Ba4 Rfd8 13. Bb3 Be6 14. Nd2 Na7 15. a4 c5 16. b5 a5 17. f4 b6 18. f5 Bc8 19. h3 h5 20. c3 Bb7 21. Bd1 h4 22. Bc1 Nc8 23. Bf3 Qc7 24. Nb1 Nh7 25. Qe3 f6 26. Qf2 Ng5 27. Qxh4 Nxf3+ 28. Rxf3 d5 29. cxd5 Nd6 30. Nd2 Kf7 31. Qh5+ Ke7 32. Rg3 Rg8 33. Qh7 Kf8 34. c4 Qf7 35. Raa3 Bc8 36. h4 Bd7 37. Qg6 Qe7 38. h5 Be8 39. Qh7 Ra7 40. h6 Qd8 41. hxg7+ Raxg7 42. Rxg7 Rxg7 43. Qh6 Nf7 44. Qe3 Nd6 45. Rc3 Bh5 46. Qh6 Be8 47. Rg3 Qe7 48. Qh8+ 1-0

[Event "Winnipeg TNT January op"]
[Site "Winnipeg"]
[Date "2014.01.07"]
[Round "1.4"]
[White "Swift, Ryne"]
[Black "Trueman, Francis"]
[Result "1-0"]
[WhiteElo "1975"]
[BlackElo "1500"]
[PlyCount "37"]
[EventDate "2014.01.07"]
[EventType "swiss"]
[EventRounds "4"]
[EventCountry "CAN"]
[SourceTitle "EXT 2022"]
[Source "ChessBase"]
[SourceDate "2021.10.06"]
[SourceVersion "1"]
[SourceVersionDate "2021.10.06"]
[SourceQuality "1"]

1. e4 c5 2. Nf3 Nc6 3. d4 e6 4. Nc3 Nf6 5. Be3 d5 6. dxc5 Qa5 7. Qd2 Ng4 8. exd5 Nxe3 9. fxe3 exd5 10. Nxd5 Qxd2+ 11. Nxd2 Kd7 12. Nb3 Ne5 13. 0-0-0 Kc6 14. Na5+ Kxc5 15. b4+ Kd6 16. Nb6+ Kc7 17. Nxa8+ Kb8 18. Rd8 b6 19. Ba6 1-0

[Event "Winnipeg TNT October op"]
[Site "Winnipeg"]
[Date "2013.10.01"]
[Round "1.5"]
[White "Magyar, Peter"]
[Black "Swift, Ryne"]
[Result "1/2-1/2"]
[WhiteElo "1590"]
[BlackElo "2017"]
[PlyCount "78"]
[EventDate "2013.10.01"]
[EventType "swiss"]
[EventRounds "5"]
[EventCountry "CAN"]
[SourceTitle "EXT 2022"]
[Source "ChessBase"]
[SourceDate "2021.10.06"]
[SourceVersion "1"]
[SourceVersionDate "2021.10.06"]
[SourceQuality "1"]

1. Nf3 Nf6 2. c4 e6 3. Nc3 d5 4. d4 Be7 5. Be3 0-0 6. cxd5 Nxd5 7. Nxd5 exd5 8. g3 c6 9. Bg2 Bf5 10. 0-0 Nd7 11. Qd2 Bf6 12. Bf4 Qe7 13. Rfe1 h6 14. Qc1 Be4 15. Qe3 g5 16. Bc7 b6 17. Qa3 Qxa3 18. bxa3 Bxf3 19. Bxf3 Bxd4 20. Rad1 Be5 21. Bg4 f5 22. Bxe5 Nxe5 23. Bh5 Rfd8 24. Kg2 Kg7 25. f4 Nc4 26. Kf2 Nxa3 27. Rc1 Nc4 28. g4 Kf6 29. Kg3 Rg8 30. fxg5+ Rxg5 31. h4 Rg7 32. Rf1 Rf8 33. Rxf5+ Ke7 34. Rcf1 Rxf5 35. Rxf5 d4 36. g5 hxg5 37. Rxg5 Rxg5+ 38. hxg5 Na3 39. Kf4 Nc4 1/2-1/2

[Event "Winnipeg TNT September op"]
[Site "Winnipeg"]
[Date "2013.09.10"]
[Round "2"]
[White "Le Dorze, Philippe"]
[Black "Swift, Ryne"]
[Result "0-1"]
[WhiteElo "1777"]
[BlackElo "1984"]
[PlyCount "82"]
[EventDate "2013.09.03"]
[EventType "swiss"]
[EventRounds "4"]
[EventCountry "CAN"]
[SourceTitle "EXT 2022"]
[Source "ChessBase"]
[SourceDate "2021.10.06"]
[SourceVersion "1"]
[SourceVersionDate "2021.10.06"]
[SourceQuality "1"]

1. d4 d5 2. c4 e6 3. Nc3 Nf6 4. Nf3 Be7 5. Bf4 0-0 6. h3 a6 7. e3 Nbd7 8. Bd3 dxc4 9. Bxc4 Nb6 10. Bd3 c5 11. 0-0 cxd4 12. Nxd4 Nbd5 13. Nxd5 Nxd5 14. Be5 Bd7 15. Qh5 h6 16. Qg4 Bf6 17. Qe4 g6 18. Nf3 Bc6 19. Qg4 Nxe3 20. fxe3 Bxf3 21. Rxf3 Bxe5 22. Bxg6 Bg7 23. Bc2 Qb6 24. Bb3 f5 25. Qc4 Rae8 26. g4 f4 27. Kg2 fxe3 28. Rxf8+ Rxf8 29. Qxe6+ Qxe6 30. Bxe6+ Kh8 31. Re1 Rf2+ 32. Kg3 Be5+ 33. Kh4 Bd4 34. g5 hxg5+ 35. Kxg5 Rxb2 36. Rf1 e2 37. Rf8+ Kh7 38. Rf7+ Bg7 39. Bf5+ Kg8 40. Re7 Kf8 41. Re4 Bc3 0-1

[Event "Winnipeg TNT September op"]
[Site "Winnipeg"]
[Date "2013.09.03"]
[Round "1"]
[White "Swift, Ryne"]
[Black "Campbell, Jamie"]
[Result "1-0"]
[WhiteElo "1984"]
[BlackElo "1697"]
[PlyCount "71"]
[EventDate "2013.09.03"]
[EventType "swiss"]
[EventRounds "4"]
[EventCountry "CAN"]
[SourceTitle "EXT 2022"]
[Source "ChessBase"]
[SourceDate "2021.10.06"]
[SourceVersion "1"]
[SourceVersionDate "2021.10.06"]
[SourceQuality "1"]

1. e4 d6 2. d4 Nf6 3. Nc3 g6 4. Bc4 Bg7 5. Nf3 0-0 6. 0-0 Nxe4 7. Bxf7+ Rxf7 8. Nxe4 Bg4 9. Neg5 Bxf3 10. Nxf3 h6 11. Qd3 g5 12. Qb3 Nc6 13. c3 b6 14. Re1 e5 15. Qd5 Ne7 16. Qe6 exd4 17. Bxg5 Qc8 18. Bxh6 Bxh6 19. Qxh6 dxc3 20. bxc3 Nf5 21. Qe6 Qd7 22. Re4 Qxe6 23. Rxe6 Raf8 24. Rae1 d5 25. R1e5 Rd7 26. Ng5 d4 27. cxd4 Rxd4 28. g3 Rd2 29. Ne4 Rxa2 30. g4 Nd4 31. Rg5+ Kh7 32. Rh5+ Kg8 33. Rg6+ Kf7 34. Rf6+ Ke7 35. Re5+ Kd7 36. Rxf8 1-0

[Event "Winnipeg TNT July op"]
[Site "Winnipeg"]
[Date "2013.07.09"]
[Round "2"]
[White "Swift, Ryne"]
[Black "De Groot, Steven"]
[Result "1/2-1/2"]
[WhiteElo "1934"]
[BlackElo "1995"]
[PlyCount "112"]
[EventDate "2013.07.02"]
[EventType "swiss"]
[EventRounds "5"]
[EventCountry "CAN"]
[SourceTitle "EXT 2022"]
[Source "ChessBase"]
[SourceDate "2021.10.06"]
[SourceVersion "1"]
[SourceVersionDate "2021.10.06"]
[SourceQuality "1"]

1. e4 c5 2. Nf3 d6 3. d4 cxd4 4. Nxd4 Nf6 5. Nc3 a6 6. f3 e5 7. Nb3 Be7 8. Be3 Be6 9. Qd2 Nbd7 10. Be2 Qc7 11. 0-0 0-0 12. Rfd1 b5 13. Rac1 Nb6 14. Bxb6 Qxb6+ 15. Kh1 Bc4 16. Nd5 Nxd5 17. exd5 a5 18. Rb1 Rfc8 19. Bxc4 Rxc4 20. c3 Rac8 21. Rbc1 a4 22. Na1 h6 23. Qe1 Bg5 24. Rc2 b4 25. a3 b3 26. Re2 R8c5 27. Re4 Qb5 28. Qf1 f5 29. Rxc4 Qxc4 30. Qxc4 Rxc4 31. Kg1 Kf7 32. Kf2 Kf6 33. g3 h5 34. Ke2 h4 35. Kd3 Rc5 36. c4 e4+ 37. Kc3 exf3 38. Rf1 hxg3 39. hxg3 f4 40. gxf4 Bxf4 41. Kb4 Ke5 42. Rxf3 Ke4 43. Rf1 g5 44. Kxa4 Rxc4+ 45. Kxb3 Rc1 46. Rxc1 Bxc1 47. Kc2 g4 48. Kd1 Bxb2 49. Nc2 Kd3 50. Nb4+ Ke3 51. Ke1 Kf3 52. Kf1 g3 53. Nc2 Bc3 54. a4 Ba5 55. Nd4+ Ke4 56. Ne2 Kxd5 1/2-1/2

[Event "Winnipeg TNT June op"]
[Site "Winnipeg"]
[Date "2013.06.18"]
[Round "3"]
[White "Swift, Ryne"]
[Black "Trueman, Francis"]
[Result "1-0"]
[WhiteElo "1920"]
[BlackElo "1478"]
[PlyCount "73"]
[EventDate "2013.06.04"]
[EventType "swiss"]
[EventRounds "4"]
[EventCountry "CAN"]
[SourceTitle "EXT 2022"]
[Source "ChessBase"]
[SourceDate "2021.10.06"]
[SourceVersion "1"]
[SourceVersionDate "2021.10.06"]
[SourceQuality "1"]

1. e4 d6 2. d4 Nf6 3. Nc3 g6 4. Nf3 Bg7 5. Bc4 0-0 6. 0-0 Nbd7 7. h3 e5 8. dxe5 dxe5 9. Bg5 c6 10. Qd2 Qe7 11. Rad1 Re8 12. Rfe1 Nf8 13. Qd6 Be6 14. Qxe7 Rxe7 15. Nxe5 h6 16. Bxf6 Bxf6 17. Bxe6 Nxe6 18. Nd3 Nd4 19. Rc1 Rd8 20. Re3 b6 21. Ne2 Red7 22. e5 Bg5 23. f4 Be7 24. Nxd4 Rxd4 25. Kf1 Bf8 26. Ke2 h5 27. h4 Bh6 28. g3 c5 29. Rd1 R4d7 30. Nf2 Kf8 31. Rxd7 Rxd7 32. Rd3 Rc7 33. Ne4 Ke7 34. Nf6 Ke6 35. Rd6+ Kf5 36. Kf3 c4 37. Nd5 1-0

[Event "Winnipeg TNT May op"]
[Site "Winnipeg"]
[Date "2013.05.21"]
[Round "3"]
[White "Reimer, Bruce"]
[Black "Swift, Ryne"]
[Result "0-1"]
[WhiteElo "1651"]
[BlackElo "1906"]
[PlyCount "96"]
[EventDate "2013.05.07"]
[EventType "swiss"]
[EventRounds "4"]
[EventCountry "CAN"]
[SourceTitle "EXT 2022"]
[Source "ChessBase"]
[SourceDate "2021.10.06"]
[SourceVersion "1"]
[SourceVersionDate "2021.10.06"]
[SourceQuality "1"]

1. c4 Nf6 2. g3 c5 3. Bg2 Nc6 4. Nc3 g6 5. e4 Bg7 6. Nge2 0-0 7. 0-0 d6 8. d3 a6 9. Be3 Bd7 10. Qd2 Rb8 11. Bh6 Qb6 12. Bxg7 Kxg7 13. Nd5 Nxd5 14. exd5 Na7 15. Nf4 Qd8 16. Rfe1 Nc8 17. h4 b5 18. Qc3+ Kg8 19. h5 b4 20. Qd2 Qe8 21. b3 a5 22. h6 e5 23. dxe6 fxe6 24. Bd5 Rf6 25. Qb2 Kf7 26. Re2 Qf8 27. Nxe6 Bxe6 28. Bxe6+ Rxe6 29. Rxe6 Kxe6 30. Re1+ Kd7 31. Qe2 Qf7 32. Qg4+ Kc7 33. d4 Rb7 34. dxc5 dxc5 35. Qg5 Qf5 36. Qd2 Nd6 37. Rd1 Nf7 38. Kg2 Kc6 39. f3 Rd7 40. Qe2 Rxd1 41. Qxd1 Qe5 42. Qd2 Qd4 43. Qe2 Kd7 44. Qe4 Qxe4 45. fxe4 Ng5 46. g4 Nxe4 47. Kf3 Nc3 48. Kf4 Ke6 0-1

[Event "Winnipeg TNT May op"]
[Site "Winnipeg"]
[Date "2013.05.07"]
[Round "1"]
[White "Trueman, Francis"]
[Black "Swift, Ryne"]
[Result "0-1"]
[WhiteElo "1480"]
[BlackElo "1906"]
[PlyCount "63"]
[EventDate "2013.05.07"]
[EventType "swiss"]
[EventRounds "4"]
[EventCountry "CAN"]
[SourceTitle "EXT 2022"]
[Source "ChessBase"]
[SourceDate "2021.10.06"]
[SourceVersion "1"]
[SourceVersionDate "2021.10.06"]
[SourceQuality "1"]

1. Nf3 Nf6 2. d3 d5 3. g3 e6 4. Bg2 Bd6 5. Nbd2 0-0 6. 0-0 c5 7. Re1 Nc6 8. e4 dxe4 9. dxe4 e5 10. Nc4 Bc7 11. Qxd8 Rxd8 12. Bg5 Be6 13. Ncd2 Nb4 14. Rec1 Nxa2 15. Rd1 Nb4 16. Ne1 Nc6 17. Ndf3 Rxd1 18. Rxd1 Nxe4 19. Be3 f5 20. Nd3 Rd8 21. Nfe1 c4 22. f3 Nf6 23. Nf2 Rxd1 24. Nxd1 Nd5 25. Bd2 Bb6+ 26. Kh1 Bc5 27. g4 f4 28. Bf1 b5 29. b3 cxb3 30. cxb3 a6 31. Kg2 Ne3+ 32. Nxe3 0-1

[Event "Winnipeg TNT April op"]
[Site "Winnipeg"]
[Date "2013.04.23"]
[Round "4"]
[White "Babb, Jeff"]
[Black "Swift, Ryne"]
[Result "1-0"]
[WhiteElo "2209"]
[BlackElo "1855"]
[PlyCount "119"]
[EventDate "2013.04.02"]
[EventType "swiss"]
[EventRounds "5"]
[EventCountry "CAN"]
[SourceTitle "EXT 2022"]
[Source "ChessBase"]
[SourceDate "2021.10.06"]
[SourceVersion "1"]
[SourceVersionDate "2021.10.06"]
[SourceQuality "1"]

1. f4 d5 2. e3 Nf6 3. Nf3 e6 4. b3 Be7 5. Bb2 c5 6. Be2 0-0 7. 0-0 Nc6 8. Ne5 d4 9. Nxc6 bxc6 10. Na3 Nd5 11. e4 Nb6 12. d3 e5 13. fxe5 Qc7 14. Bc1 Qxe5 15. Bf4 Qe6 16. h3 Bd6 17. Bg4 Qe7 18. Bxc8 Raxc8 19. Qh5 f6 20. Rae1 Rce8 21. Bxd6 Qxd6 22. Re2 Re5 23. Qh4 Rfe8 24. Ref2 R8e7 25. Qg3 R7e6 26. Nb1 Rg5 27. Qxd6 Rxd6 28. Nd2 h6 29. Kh2 Re5 30. a4 a5 31. Rf5 Rde6 32. R5f2 Re8 33. g4 Kh7 34. Kg3 R5e6 35. Rf5 Re5 36. Rxe5 Rxe5 37. Nc4 Nxc4 38. bxc4 Re8 39. Rb1 Rc8 40. Rb6 Rc7 41. Ra6 Rb7 42. Rxa5 Rb2 43. Rxc5 Rxc2 44. Rxc6 Rc3 45. Rd6 Rxd3+ 46. Kf2 Ra3 47. Rxd4 Rxa4 48. Ke3 Kg6 49. c5 Ra5 50. Rc4 Kf7 51. c6 Ra8 52. c7 Rc8 53. Kd4 Ke6 54. Rc6+ Ke7 55. Kd5 Kd7 56. Rc1 Re8 57. c8Q+ Rxc8 58. Rxc8 Kxc8 59. Ke6 Kd8 60. Kf7 1-0

[Event "Winnipeg TNT April op"]
[Site "Winnipeg"]
[Date "2013.04.09"]
[Round "2"]
[White "Kernetsky, Myron"]
[Black "Swift, Ryne"]
[Result "1/2-1/2"]
[WhiteElo "2042"]
[BlackElo "1855"]
[PlyCount "116"]
[EventDate "2013.04.02"]
[EventType "swiss"]
[EventRounds "5"]
[EventCountry "CAN"]
[SourceTitle "EXT 2022"]
[Source "ChessBase"]
[SourceDate "2021.10.06"]
[SourceVersion "1"]
[SourceVersionDate "2021.10.06"]
[SourceQuality "1"]

1. d4 Nf6 2. c4 d5 3. cxd5 Nxd5 4. Nc3 e6 5. e4 Nxc3 6. bxc3 Nd7 7. Nf3 Nb6 8. Bd3 Be7 9. 0-0 0-0 10. Qe2 c5 11. e5 Qc7 12. Ng5 g6 13. Ne4 cxd4 14. cxd4 f5 15. exf6 Bxf6 16. Ba3 Be7 17. Rac1 Qd8 18. Nc5 Bxc5 19. Bxc5 Rf7 20. g3 Bd7 21. Qe4 Bc6 22. Qxe6 Qd5 23. Qxd5 Nxd5 24. Rfe1 Kg7 25. Bd6 Rd7 26. Be5+ Kf8 27. a3 Rc8 28. Rc2 Rdd8 29. Rec1 Ke7 30. Be4 Ke6 31. Rc5 Ne7 32. Bb1 Bd5 33. Bc7 Rd7 34. Re1+ Kf7 35. Rec1 Ke6 36. Bf4 Rxc5 37. dxc5 Nc6 38. Re1+ Kf6 39. h4 Bf3 40. Bc2 Rd5 41. Bd6 Nd4 42. Bd3 Nc6 43. Re3 Bg4 44. f3 Be6 45. Kf2 Bd7 46. Ke2 Nd4+ 47. Kf2 Nc6 48. f4 h5 49. Ke1 a6 50. Bc4 Rd4 51. Be5+ Nxe5 52. fxe5+ Ke7 53. Bb3 Bf5 54. Ke2 Bg4+ 55. Ke1 Bf5 56. Ke2 Bg4+ 57. Ke1 Bf5 58. Ke2 Bg4+ 1/2-1/2

[Event "Winnipeg TNT February op"]
[Site "Winnipeg"]
[Date "2013.02.19"]
[Round "3"]
[White "Swift, Ryne"]
[Black "Le Dorze, Philippe"]
[Result "1/2-1/2"]
[WhiteElo "1879"]
[BlackElo "1703"]
[PlyCount "54"]
[EventDate "2013.02.05"]
[EventType "swiss"]
[EventRounds "4"]
[EventCountry "CAN"]
[SourceTitle "EXT 2022"]
[Source "ChessBase"]
[SourceDate "2021.10.06"]
[SourceVersion "1"]
[SourceVersionDate "2021.10.06"]
[SourceQuality "1"]

1. e4 b6 2. d4 e6 3. c3 Bb7 4. Bd3 Nf6 5. Qc2 c5 6. f4 Nc6 7. Nf3 cxd4 8. Nxd4 Rc8 9. Nxc6 Bxc6 10. 0-0 Bc5+ 11. Kh1 Ng4 12. Be2 Nf2+ 13. Rxf2 Bxf2 14. Ba6 Bxe4 15. Qxf2 Rc7 16. Nd2 Bb7 17. Bxb7 Rxb7 18. Nb3 0-0 19. Be3 d5 20. Rd1 Rc7 21. Qg3 f6 22. Re1 Re7 23. Bd4 Qd7 24. h3 Qa4 25. Ra1 Qc4 26. Re1 Qa4 27. Ra1 Qc4 1/2-1/2

[Event "Winnipeg TNT February op"]
[Site "Winnipeg"]
[Date "2013.02.05"]
[Round "1"]
[White "Swift, Ryne"]
[Black "Dykman, Tony"]
[Result "1-0"]
[WhiteElo "1879"]
[BlackElo "1262"]
[PlyCount "83"]
[EventDate "2013.02.05"]
[EventType "swiss"]
[EventRounds "4"]
[EventCountry "CAN"]
[SourceTitle "EXT 2022"]
[Source "ChessBase"]
[SourceDate "2021.10.06"]
[SourceVersion "1"]
[SourceVersionDate "2021.10.06"]
[SourceQuality "1"]

1. e4 c5 2. Nf3 Nf6 3. Nc3 d6 4. d4 cxd4 5. Nxd4 a6 6. f3 e6 7. Be3 Be7 8. Qd2 Bd7 9. Be2 d5 10. exd5 exd5 11. 0-0 Nc6 12. Rad1 Qc7 13. f4 h5 14. Bf3 Nxd4 15. Bxd4 Be6 16. Kh1 Rd8 17. Qe3 h4 18. Bb6 d4 19. Bxc7 dxe3 20. Bxd8 Bxd8 21. Bxb7 0-0 22. Rfe1 Ng4 23. Rd3 Nf2+ 24. Kg1 Nxd3 25. cxd3 Bb6 26. Kf1 h3 27. b3 Ba5 28. Rc1 Rd8 29. Ke2 Bb6 30. gxh3 Bxh3 31. Rg1 Bf5 32. Bxa6 Rd6 33. Bc4 Bd4 34. Nb5 Rd8 35. Nxd4 Rxd4 36. Kxe3 Rd8 37. a4 g6 38. b4 Re8+ 39. Kd2 Be6 40. Re1 Rc8 41. Rxe6 fxe6 42. Bxe6+ 1-0

[Event "Winnipeg TNT September op"]
[Site "Winnipeg"]
[Date "2012.09.25"]
[Round "4"]
[White "Pang, Michael"]
[Black "Swift, Ryne"]
[Result "1-0"]
[WhiteElo "1865"]
[BlackElo "1905"]
[PlyCount "83"]
[EventDate "2012.09.04"]
[EventType "swiss"]
[EventRounds "4"]
[EventCountry "CAN"]
[SourceTitle "EXT 2022"]
[Source "ChessBase"]
[SourceDate "2021.10.06"]
[SourceVersion "1"]
[SourceVersionDate "2021.10.06"]
[SourceQuality "1"]

1. e4 e5 2. Nf3 Nc6 3. Bb5 a6 4. Ba4 Nf6 5. 0-0 b5 6. Bb3 Be7 7. Re1 0-0 8. c3 d6 9. h3 Na5 10. Bc2 c5 11. d4 Qc7 12. d5 Ne8 13. a4 Qb8 14. b4 Nb7 15. Bd2 c4 16. Na3 Nd8 17. Qb1 g6 18. g4 Qb7 19. Kh2 Kh8 20. Rg1 f6 21. Rg3 Rf7 22. Qg1 Bf8 23. Nh4 Ng7 24. Qg2 Be7 25. Nf3 f5 26. gxf5 gxf5 27. exf5 Qxd5 28. Bh6 Bf6 29. Re1 Qb7 30. Rg1 d5 31. axb5 e4 32. Ng5 Re7 33. Bxg7+ Rxg7 34. Nxc4 Qb8 35. Kh1 Raa7 36. b6 Rae7 37. Ne3 Qb7 38. Bb3 h6 39. Bxd5 Qxb6 40. Nf7+ Rgxf7 41. Rg8+ Kh7 42. Qg6# 1-0